[Event "Karlsruhe Grenke op"]
[Site "Karlsruhe"]
[Date "2024.04.01"]
[Round "8"]
[White "Kostov, Deyan Samuil"]
[Black "Milov, Leonid"]
[Result "1/2-1/2"]
[WhiteElo "2328"]
[BlackElo "2415"]
[PlyCount "53"]
[EventDate "2024.03.28"]
[EventType "swiss"]
[EventRounds "9"]
[EventCountry "GER"]
[SourceTitle "CB14_2024"]
[SourceDate "2024.04.01"]
[SourceVersion "1"]
[SourceVersionDate "2024.04.01"]
[SourceQuality "1"]

1. d4 f5 2. Nf3 Nf6 3. Bg5 e6 4. Nbd2 Be7 5. Bxf6 Bxf6 6. e4 0-0 7. Bd3 d5 8. exf5 exf5 9. 0-0 Nc6 10. c3 Qd6 11. Re1 Bd7 12. Qc2 g6 13. b4 Rae8 14. Rxe8 Rxe8 15. Re1 Rxe1+ 16. Nxe1 Nd8 17. g3 Ne6 18. f4 Nxd4 19. cxd4 Bxd4+ 20. Kf1 Qxb4 21. Qxc7 Qxd2 22. Qd8+ Kg7 23. Qe7+ Kg8 24. Qd8+ Kg7 25. Qe7+ Kg8 26. Qd8+ Kg7 27. Qe7+ 1/2-1/2

[Event "Karlsruhe Grenke op"]
[Site "Karlsruhe"]
[Date "2024.03.30"]
[Round "4"]
[White "Santos Latasa, Jaime"]
[Black "Milov, Leonid"]
[Result "1-0"]
[WhiteElo "2621"]
[BlackElo "2415"]
[PlyCount "79"]
[EventDate "2024.03.28"]
[EventType "swiss"]
[EventRounds "9"]
[EventCountry "GER"]
[SourceTitle "CB14_2024"]
[SourceDate "2024.04.01"]
[SourceVersion "1"]
[SourceVersionDate "2024.04.01"]
[SourceQuality "1"]

1. e4 c5 2. Nf3 e6 3. d4 cxd4 4. Nxd4 Nc6 5. a3 Qc7 6. Be3 Nf6 7. Nc3 Be7 8. g4 h5 9. gxh5 Nxh5 10. Qd2 a6 11. 0-0-0 b5 12. Nxc6 dxc6 13. e5 c5 14. Ne4 Bb7 15. Nd6+ Kf8 16. Rg1 Bf3 17. Be2 Bxe2 18. Qxe2 Qc6 19. Qg4 Rd8 20. Bg5 Bxd6 21. Bxd8 Bxe5 22. Bg5 g6 23. Rge1 Bf6 24. h4 Kg7 25. Re3 Qc7 26. Qf3 Rd8 27. Rg1 Rh8 28. Ree1 Be5 29. Kb1 Bf6 30. Re2 Be5 31. Qe4 Bf6 32. Rd2 Bxg5 33. hxg5 Nf4 34. Rh1 Rxh1+ 35. Qxh1 Nd5 36. Qh6+ Kg8 37. Rd1 Qe5 38. Rh1 Qg7 39. Qh2 e5 40. Rd1 1-0

[Event "Heusenstamm Schloss op"]
[Site "Heusenstamm"]
[Date "2023.11.24"]
[Round "2"]
[White "Milov, Leonid"]
[Black "Leibbrand, Udo Manfred"]
[Result "1/2-1/2"]
[WhiteElo "2422"]
[BlackElo "2053"]
[PlyCount "83"]
[EventDate "2023.11.23"]
[EventType "swiss"]
[EventRounds "7"]
[EventCountry "GER"]
[SourceTitle "CB48_2023"]
[SourceDate "2023.11.29"]
[SourceVersion "1"]
[SourceVersionDate "2023.11.29"]
[SourceQuality "1"]

1. e4 e5 2. Nf3 Nc6 3. Bb5 Nf6 4. d3 d6 5. 0-0 a6 6. Bxc6+ bxc6 7. d4 exd4 8. Nxd4 c5 9. Nc6 Qd7 10. Na5 Be7 11. Re1 0-0 12. c4 Re8 13. h3 Bd8 14. Nc3 c6 15. Nb3 a5 16. e5 Rxe5 17. Rxe5 dxe5 18. Qe2 Qe8 19. Nxc5 Bc7 20. Bg5 Nd7 21. Nxd7 Bxd7 22. Rd1 f6 23. Be3 Be6 24. b3 Rd8 25. Rxd8 Qxd8 26. Na4 Bf5 27. Qd2 Qxd2 28. Bxd2 Bb1 29. Nc3 Bc2 30. Na4 Bb1 31. Nc3 Bc2 32. Kf1 Bd6 33. Na4 Bb1 34. Nc3 Bd3+ 35. Ke1 Bb4 36. Ne2 Bxd2+ 37. Kxd2 Bxe2 38. Kxe2 Kf7 39. a3 c5 40. Kd3 Ke6 41. Kc3 f5 42. h4 1/2-1/2

[Event "Bodenmais Arber op 10th"]
[Site "Bodenmais"]
[Date "2023.08.07"]
[Round "3"]
[White "Milov, Leonid"]
[Black "Just, Anita"]
[Result "1-0"]
[WhiteElo "2425"]
[BlackElo "1898"]
[PlyCount "125"]
[EventDate "2023.08.05"]
[EventType "swiss"]
[EventRounds "9"]
[EventCountry "GER"]
[SourceTitle "EXT 2024"]
[Source "ChessBase"]
[SourceDate "2023.10.10"]
[SourceVersion "1"]
[SourceVersionDate "2023.10.10"]
[SourceQuality "1"]

1. d4 e6 2. c4 f5 3. g3 Nf6 4. Bg2 Bb4+ 5. Bd2 Qe7 6. Nf3 0-0 7. 0-0 Bxd2 8. Qxd2 Ne4 9. Qe3 d5 10. Nc3 c6 11. Ne1 Qg5 12. Qxg5 Nxg5 13. Nd3 Nd7 14. b3 Ne4 15. Rfd1 Ndf6 16. f3 Nd6 17. Na4 Rf7 18. Ne5 Re7 19. Nc5 Bd7 20. Ncd3 Be8 21. c5 Nf7 22. Nxf7 Bxf7 23. b4 Nd7 24. f4 Nf6 25. a4 Be8 26. Rab1 a6 27. Bf3 h6 28. Ne5 Nd7 29. Nd3 Nf6 30. Kf2 Kh7 31. h3 Ne4+ 32. Bxe4 fxe4 33. Ne5 g5 34. Ke3 Rg7 35. g4 Bd7 36. Rf1 gxf4+ 37. Rxf4 Rag8 38. Rbf1 Be8 39. Rf6 Re7 40. h4 h5 41. g5 Kg7 42. g6 Rh8 43. R6f2 Rc7 44. Rg1 Re7 45. Rg5 Rc7 46. Rf1 Re7 47. Rf7+ Bxf7 48. gxf7+ Kf8 49. Ng6+ Kxf7 50. Nxh8+ Ke8 51. Ng6 Rh7 52. Nf4 Kd7 53. Rxh5 Rg7 54. Rg5 Rh7 55. h5 Ke7 56. Rg6 Kf7 57. h6 Rh8 58. Rxe6 Rh7 59. Rd6 Ke8 60. Nh3 Ke7 61. Ng5 Rh8 62. h7 Rc8 63. Rg6 1-0

[Event "Bodensee op"]
[Site "Bregenz"]
[Date "2023.05.20"]
[Round "8"]
[White "Anwesh, Upadhyaya"]
[Black "Milov, Leonid"]
[Result "1/2-1/2"]
[WhiteElo "2340"]
[BlackElo "2426"]
[PlyCount "30"]
[EventDate "2023.05.13"]
[EventType "swiss"]
[EventRounds "9"]
[EventCountry "AUT"]
[SourceTitle "CBM 215 Extra"]
[Source "ChessBase"]
[SourceDate "2023.09.30"]
[SourceVersion "1"]
[SourceVersionDate "2023.09.30"]
[SourceQuality "1"]

1. e4 c5 2. Nf3 e6 3. d4 cxd4 4. Nxd4 Nc6 5. Nc3 Qc7 6. Be3 a6 7. Bd3 Nf6 8. 0-0 b5 9. Nxc6 Qxc6 10. a3 Bb7 11. Re1 Be7 12. Qf3 Qc7 13. Bf4 Qc5 14. Be3 Qc7 15. Bf4 Qc5 1/2-1/2

[Event "Bodensee op"]
[Site "Bregenz"]
[Date "2023.05.14"]
[Round "2"]
[White "Pitschka, Claus"]
[Black "Milov, Leonid"]
[Result "0-1"]
[WhiteElo "2148"]
[BlackElo "2426"]
[PlyCount "76"]
[EventDate "2023.05.13"]
[EventType "swiss"]
[EventRounds "9"]
[EventCountry "AUT"]
[SourceTitle "CBM 215 Extra"]
[Source "ChessBase"]
[SourceDate "2023.09.30"]
[SourceVersion "1"]
[SourceVersionDate "2023.09.30"]
[SourceQuality "1"]

1. d4 f5 2. Nc3 Nf6 3. Bg5 d5 4. f3 c5 5. e4 Nc6 6. exd5 Nxd5 7. Bb5 h6 8. Nxd5 hxg5 9. dxc5 e6 10. Nc3 Qxd1+ 11. Rxd1 Bxc5 12. Nh3 Rh5 13. Ne2 Ke7 14. Ng3 Rh4 15. Nxg5 Bd7 16. c3 a6 17. Be2 Rah8 18. Nh3 Ne5 19. Nf1 Bc6 20. Nf2 Ba7 21. Nd3 Nxd3+ 22. Rxd3 g5 23. h3 g4 24. fxg4 Bxg2 25. Rh2 Be4 26. gxf5 exf5 27. Ng3 Bg1 28. Rg2 Bxg2 29. Nxf5+ Kf6 30. Nxh4 Be4 31. Rg3 Bh2 32. Rg4 Rxh4 33. Kf2 Rxg4 34. hxg4 Ke5 35. b4 Bf4 36. b5 a5 37. c4 Kd4 38. Bf3 Bxf3 0-1

[Event "BL2-Ost 2223"]
[Site "Germany"]
[Date "2023.03.19"]
[Round "10.1"]
[White "Slobodjan, Roman"]
[Black "Milov, Leonid"]
[Result "1/2-1/2"]
[WhiteElo "2442"]
[BlackElo "2433"]
[PlyCount "58"]
[EventDate "2022.10.22"]
[EventType "team-tourn"]
[EventRounds "10"]
[EventCountry "GER"]
[SourceTitle "EXT 2024"]
[Source "ChessBase"]
[SourceDate "2023.10.10"]
[SourceVersion "1"]
[SourceVersionDate "2023.10.10"]
[SourceQuality "1"]
[WhiteTeam "Nickelhuette Aue"]
[BlackTeam "Nuernberg NT"]
[WhiteTeamCountry "GER"]
[BlackTeamCountry "GER"]

1. e4 c5 2. Nf3 e6 3. d4 cxd4 4. Nxd4 Nc6 5. Nb5 d6 6. c4 Nf6 7. N1c3 a6 8. Nd4 Bd7 9. Be2 Be7 10. Be3 0-0 11. 0-0 Qb8 12. f4 Nxd4 13. Bxd4 Bc6 14. Bf3 b5 15. cxb5 axb5 16. e5 Bxf3 17. Qxf3 dxe5 18. fxe5 Nd7 19. Qc6 Nxe5 20. Qxb5 Ng4 21. Qxb8 Raxb8 22. h3 Rb4 23. Ne2 Nf6 24. Rac1 Nd5 25. a3 Ra4 26. Rf3 f5 27. Rb3 Kf7 28. Rb7 Re8 29. Bf2 Kg6 1/2-1/2

[Event "BL2-Ost 2223"]
[Site "Germany"]
[Date "2023.03.18"]
[Round "9.1"]
[White "Milov, Leonid"]
[Black "Richter, Leonard"]
[Result "1-0"]
[WhiteElo "2433"]
[BlackElo "2261"]
[PlyCount "65"]
[EventDate "2022.10.22"]
[EventType "team-tourn"]
[EventRounds "10"]
[EventCountry "GER"]
[SourceTitle "EXT 2024"]
[Source "ChessBase"]
[SourceDate "2023.10.10"]
[SourceVersion "1"]
[SourceVersionDate "2023.10.10"]
[SourceQuality "1"]
[WhiteTeam "Nuernberg NT"]
[BlackTeam "Leipzig SG"]
[WhiteTeamCountry "GER"]
[BlackTeamCountry "GER"]

1. e4 c5 2. Nf3 Nc6 3. Bb5 d6 4. 0-0 Bd7 5. Re1 Nf6 6. c3 a6 7. Bf1 Bg4 8. h3 Bh5 9. d3 e6 10. Nbd2 Be7 11. g4 Bg6 12. Nh2 h5 13. g5 Nd7 14. f4 h4 15. Ndf3 f6 16. d4 cxd4 17. cxd4 Qb6 18. Kh1 Rc8 19. a3 Na5 20. b4 Nc4 21. f5 Bh5 22. fxe6 Nf8 23. Qb3 Nxe6 24. Bxc4 Nxd4 25. Nxd4 Qxd4 26. Be6 Qxa1 27. Bxc8 fxg5 28. Qb2 Qxb2 29. Bxb2 0-0 30. Bxb7 Rf2 31. Bd4 Rd2 32. Be3 Ra2 33. Bd5+ 1-0

[Event "BL2-Ost 2223"]
[Site "Germany"]
[Date "2023.02.05"]
[Round "6.1"]
[White "Milov, Leonid"]
[Black "Romanov, Evgeny"]
[Result "1/2-1/2"]
[WhiteElo "2433"]
[BlackElo "2597"]
[PlyCount "84"]
[EventDate "2022.10.22"]
[EventType "team-tourn"]
[EventRounds "10"]
[EventCountry "GER"]
[SourceTitle "EXT 2024"]
[Source "ChessBase"]
[SourceDate "2023.10.10"]
[SourceVersion "1"]
[SourceVersionDate "2023.10.10"]
[SourceQuality "1"]
[WhiteTeam "Nuernberg NT"]
[BlackTeam "Erfurt"]
[WhiteTeamCountry "GER"]
[BlackTeamCountry "GER"]

1. e4 c5 2. Nf3 e6 3. c3 d5 4. exd5 Qxd5 5. d4 Nf6 6. Na3 Qd8 7. Nc4 Be7 8. Bf4 Nd5 9. Bg3 0-0 10. Be2 b6 11. 0-0 Bb7 12. a4 Nc6 13. Re1 cxd4 14. Nxd4 Nxd4 15. Qxd4 f5 16. Be5 Bc5 17. Qd3 Qh4 18. Qg3 Qh6 19. Bf3 Rad8 20. a5 Ba6 21. Bxd5 Rxd5 22. Bf4 Qf6 23. Ne3 Rd7 24. b4 Bxe3 25. Qxe3 Bc4 26. axb6 axb6 27. Qxb6 Qg6 28. f3 Rfd8 29. Qf2 h6 30. Ra7 Rxa7 31. Qxa7 Rd3 32. Qf2 Rxc3 33. Rc1 Qf6 34. Rxc3 Qxc3 35. Qd2 Qa1+ 36. Qc1 Qd4+ 37. Be3 Qd3 38. Bf4 Qe2 39. h3 Kh7 40. Qd2 Qf1+ 41. Kh2 Bd5 42. Qc3 Qc4 1/2-1/2

[Event "BL2-Ost 2223"]
[Site "Germany"]
[Date "2022.11.27"]
[Round "4.1"]
[White "Milov, Leonid"]
[Black "Stocek, Jiri"]
[Result "1/2-1/2"]
[WhiteElo "2433"]
[BlackElo "2555"]
[PlyCount "73"]
[EventDate "2022.10.22"]
[EventType "team-tourn"]
[EventRounds "10"]
[EventCountry "GER"]
[SourceTitle "EXT 2024"]
[Source "ChessBase"]
[SourceDate "2023.10.10"]
[SourceVersion "1"]
[SourceVersionDate "2023.10.10"]
[SourceQuality "1"]
[WhiteTeam "Nuernberg NT"]
[BlackTeam "Regensburg Bavaria"]
[WhiteTeamCountry "GER"]
[BlackTeamCountry "GER"]

1. e4 c5 2. Nf3 d6 3. d4 cxd4 4. Nxd4 Nf6 5. Nc3 a6 6. Be3 e5 7. Nf3 Nc6 8. Bc4 Be6 9. Bb3 Rc8 10. 0-0 Na5 11. Bg5 Be7 12. Bxf6 Bxf6 13. Nd5 Nxb3 14. axb3 Bg5 15. Nxg5 Qxg5 16. Ne3 Rc6 17. Qd3 h5 18. b4 Rb6 19. c3 h4 20. Ra5 Qf4 21. Nd5 Bxd5 22. Rxd5 h3 23. g3 Qg4 24. f3 Qe6 25. Rd1 Rh6 26. b5 Rxb5 27. Rxb5 axb5 28. Qxb5+ Qd7 29. Qxd7+ Kxd7 30. Kf2 Ke6 31. Rd5 f5 32. Rb5 fxe4 33. fxe4 Rf6+ 34. Ke2 Rf7 35. Rb6 g5 36. c4 Rc7 37. b3 1/2-1/2

[Event "Heusenstamm Schloss op"]
[Site "Heusenstamm"]
[Date "2022.11.19"]
[Round "4"]
[White "Milov, Leonid"]
[Black "Nemitz, Alfred"]
[Result "0-1"]
[WhiteElo "2433"]
[BlackElo "1802"]
[PlyCount "108"]
[EventDate "2022.11.17"]
[EventType "swiss"]
[EventRounds "7"]
[EventCountry "GER"]
[SourceTitle "CBM 211 Extra"]
[Source "ChessBase"]
[SourceDate "2023.01.31"]
[SourceVersion "1"]
[SourceVersionDate "2023.01.31"]
[SourceQuality "1"]

1. e4 e5 2. Nf3 Nc6 3. Bb5 a6 4. Ba4 Nf6 5. 0-0 Be7 6. Re1 b5 7. Bb3 d6 8. c3 0-0 9. d4 Bg4 10. Be3 exd4 11. cxd4 Na5 12. Bc2 Nc4 13. Bc1 c5 14. b3 Na5 15. d5 Nd7 16. Nbd2 Bf6 17. Rb1 c4 18. b4 c3 19. Nf1 Nc4 20. h3 Bxf3 21. Qxf3 a5 22. a3 Rc8 23. Qd3 g6 24. f4 Qb6+ 25. Kh2 Nb2 26. Qg3 axb4 27. axb4 Qd4 28. Ne3 Qxb4 29. Ng4 Bg7 30. e5 Qd4 31. Qh4 Qxd5 32. Nf6+ Nxf6 33. exf6 Bh8 34. f5 Rfe8 35. Bg5 Nd3 36. fxg6 hxg6 37. Bb3 Qb7 38. Qh6 d5 39. Rxe8+ Rxe8 40. Rd1 Qc7+ 41. Kg1 Qc5+ 42. Kh2 Qd6+ 43. Kg1 Re1+ 44. Rxe1 Nxe1 45. Qh4 Qe5 46. Bxd5 c2 47. Bxf7+ Kxf7 48. Qh7+ Ke6 49. Qxh8 Nf3+ 50. gxf3 Qxg5+ 51. Kf2 c1Q 52. Qe8+ Kxf6 53. Qd8+ Kg7 54. Qd4+ Kh7 0-1

[Event "Heusenstamm Schloss op"]
[Site "Heusenstamm"]
[Date "2022.11.18"]
[Round "3"]
[White "Hinrichs, Paul"]
[Black "Milov, Leonid"]
[Result "1/2-1/2"]
[WhiteElo "2172"]
[BlackElo "2433"]
[PlyCount "119"]
[EventDate "2022.11.17"]
[EventType "swiss"]
[EventRounds "7"]
[EventCountry "GER"]
[SourceTitle "CBM 211 Extra"]
[Source "ChessBase"]
[SourceDate "2023.01.31"]
[SourceVersion "1"]
[SourceVersionDate "2023.01.31"]
[SourceQuality "1"]

1. d4 f5 2. c4 Nf6 3. Nf3 e6 4. g3 Bb4+ 5. Bd2 a5 6. Bg2 0-0 7. 0-0 Bxd2 8. Qxd2 Ne4 9. Qc2 d6 10. Nc3 Nxc3 11. Qxc3 Qf6 12. c5 d5 13. a3 a4 14. b4 axb3 15. Rfb1 Nc6 16. Rxb3 f4 17. e3 fxg3 18. fxg3 Qh6 19. Rb2 Ra7 20. Rf2 Bd7 21. Raf1 Raa8 22. Nd2 Rxf2 23. Rxf2 Rf8 24. Qb3 Nxd4 25. Rxf8+ Kxf8 26. Qd3 Nf5 27. Nf1 Bc6 28. e4 Ne7 29. exd5 Bxd5 30. Qb5 Qc1 31. a4 Bxg2 32. Kxg2 Qc2+ 33. Kg1 Qe4 34. Qa5 Qd4+ 35. Kg2 Qd5+ 36. Kf2 b6 37. Qb4 Qxc5+ 38. Qxc5 bxc5 39. Ke3 Nc6 40. Nd2 Na5 41. Ne4 Ke7 42. g4 e5 43. Nxc5 Kd6 44. Ne4+ Kd5 45. Kd3 c6 46. h4 Nb7 47. Nc3+ Kc5 48. Ne4+ Kb4 49. Ng5 h6 50. Nf7 Nc5+ 51. Ke3 Nxa4 52. Nxe5 c5 53. Kf4 c4 54. Nxc4 Kxc4 55. Kf5 Nc5 56. h5 Kd5 57. g5 hxg5 58. Kxg5 Ne6+ 59. Kg6 Ke5 60. h6 1/2-1/2

[Event "BEL-chT 2223"]
[Site "Belgium"]
[Date "2022.11.06"]
[Round "3.2"]
[White "Milov, Leonid"]
[Black "Godart, Francois"]
[Result "1/2-1/2"]
[WhiteElo "2423"]
[BlackElo "2384"]
[PlyCount "121"]
[EventDate "2022.09.25"]
[EventType "team-tourn"]
[EventRounds "11"]
[EventCountry "BEL"]
[SourceTitle "CBM 213 Extra"]
[Source "ChessBase"]
[SourceDate "2023.05.31"]
[SourceVersion "1"]
[SourceVersionDate "2023.05.31"]
[SourceQuality "1"]
[WhiteTeam "Tal"]
[BlackTeam "Liege Crelel"]
[WhiteTeamCountry "BEL"]
[BlackTeamCountry "BEL"]

1. d4 Nf6 2. g3 d5 3. Nf3 g6 4. Bg2 Bg7 5. c4 c6 6. b3 dxc4 7. bxc4 c5 8. Bb2 cxd4 9. Nxd4 0-0 10. 0-0 Qc7 11. Nb5 Qd7 12. N1c3 Qxd1 13. Rfxd1 Nc6 14. Nd5 Nxd5 15. Bxg7 Kxg7 16. cxd5 Na5 17. d6 exd6 18. Nxd6 Rb8 19. Rd5 b6 20. Nxc8 Rbxc8 21. Rd7 Rfd8 22. Rxa7 Rd2 23. Bf3 Nc6 24. Rb7 Ne5 25. Rxb6 Nxf3+ 26. exf3 Rcc2 27. Rf1 Rxa2 28. f4 h5 29. Kg2 f5 30. Rb7+ Kh6 31. Rb3 Rac2 32. Kf3 Ra2 33. h3 Rac2 34. g4 fxg4+ 35. hxg4 hxg4+ 36. Kg3 Rb2 37. Rxb2 Rxb2 38. Kxg4 Kg7 39. f5 Rb4+ 40. f4 gxf5+ 41. Kxf5 Kf7 42. Kg5 Rb5+ 43. Kg4 Ra5 44. Rb1 Rc5 45. Rb6 Ra5 46. Rb7+ Kf6 47. Rh7 Rb5 48. Rh6+ Kf7 49. Ra6 Rc5 50. f5 Rc1 51. Ra4 Rg1+ 52. Kf4 Rf1+ 53. Kg5 Rg1+ 54. Rg4 Rxg4+ 55. Kxg4 Kf6 56. Kf4 Kf7 57. Ke5 Ke7 58. f6+ Kf7 59. Kf5 Kf8 60. Ke6 Ke8 61. f7+ 1/2-1/2

[Event "Bodenmais op"]
[Site "Bodenmais"]
[Date "2022.08.07"]
[Round "9"]
[White "Milov, Leonid"]
[Black "Loeffler, Markus"]
[Result "1-0"]
[WhiteElo "2420"]
[BlackElo "2278"]
[PlyCount "65"]
[EventDate "2022.07.30"]
[EventType "swiss"]
[EventRounds "9"]
[EventCountry "GER"]
[SourceTitle "CBM 209 Extra"]
[Source "ChessBase"]
[SourceDate "2022.09.30"]
[SourceVersion "1"]
[SourceVersionDate "2022.09.30"]
[SourceQuality "1"]

1. e4 c6 2. Nf3 d5 3. d3 Bg4 4. h3 Bxf3 5. Qxf3 e6 6. g3 Nd7 7. Bg2 Bd6 8. Qe2 Ne7 9. 0-0 0-0 10. Nd2 Qc7 11. d4 f5 12. exd5 exd5 13. c4 Ng6 14. cxd5 Rae8 15. Qd3 c5 16. Nc4 f4 17. Nxd6 Qxd6 18. dxc5 Nxc5 19. Qa3 fxg3 20. Qxg3 Ne5 21. Bd2 Rf6 22. b4 Ncd7 23. Rae1 Rg6 24. Qb3 Rc8 25. Bf4 Rf8 26. Bg3 Kh8 27. Qe3 Rf5 28. Kh1 Rh5 29. f4 Nc4 30. Qe8+ Nf8 31. Re6 Rxh3+ 32. Bxh3 Qxd5+ 33. Kh2 1-0

[Event "Bodenmais op"]
[Site "Bodenmais"]
[Date "2022.08.05"]
[Round "7"]
[White "Milov, Leonid"]
[Black "Ivanov, Mike"]
[Result "1/2-1/2"]
[WhiteElo "2420"]
[BlackElo "2359"]
[PlyCount "53"]
[EventDate "2022.07.30"]
[EventType "swiss"]
[EventRounds "9"]
[EventCountry "GER"]
[SourceTitle "CBM 209 Extra"]
[Source "ChessBase"]
[SourceDate "2022.09.30"]
[SourceVersion "1"]
[SourceVersionDate "2022.09.30"]
[SourceQuality "1"]

1. e4 e6 2. d4 d5 3. Nd2 Nf6 4. e5 Nfd7 5. Bd3 c5 6. c3 Nc6 7. Ne2 cxd4 8. cxd4 f6 9. exf6 Nxf6 10. Nf3 Bd6 11. 0-0 Qc7 12. g3 0-0 13. Bf4 Ng4 14. Rc1 e5 15. dxe5 Ngxe5 16. Nxe5 Bxe5 17. Bxe5 Qxe5 18. Nf4 Bf5 19. Rc3 Bxd3 20. Nxd3 Qf6 21. Nc5 d4 22. Rc1 Rf7 23. Qb3 Ne5 24. f4 Ng4 25. Nd7 Qh6 26. h4 Rd8 27. Ne5 1/2-1/2

[Event "Bodenmais op"]
[Site "Bodenmais"]
[Date "2022.08.02"]
[Round "4"]
[White "Wagner, Florian"]
[Black "Milov, Leonid"]
[Result "0-1"]
[WhiteElo "2225"]
[BlackElo "2420"]
[PlyCount "68"]
[EventDate "2022.07.30"]
[EventType "swiss"]
[EventRounds "9"]
[EventCountry "GER"]
[SourceTitle "CBM 209 Extra"]
[Source "ChessBase"]
[SourceDate "2022.09.30"]
[SourceVersion "1"]
[SourceVersionDate "2022.09.30"]
[SourceQuality "1"]

1. c4 f5 2. g3 Nf6 3. Bg2 e5 4. d4 Bb4+ 5. Nc3 Bxc3+ 6. bxc3 d6 7. Nf3 Nc6 8. 0-0 0-0 9. Ba3 e4 10. Ng5 h6 11. Nh3 Na5 12. c5 Nc4 13. Nf4 Kh7 14. h4 Nxa3 15. Qb3 g5 16. hxg5 hxg5 17. Nh3 Rg8 18. f4 d5 19. Qxa3 gxf4 20. Rxf4 Rxg3 21. Rh4+ Kg8 22. Qc1 Qe7 23. Qh6 Qg7 24. Nf4 Bd7 25. Qxg7+ Kxg7 26. Kf2 Rxc3 27. Rah1 Rg8 28. Nxd5 Nxd5 29. Rh7+ Kf6 30. Rxd7 Ne3 31. Rh6+ Kg5 32. Rh3 Ng4+ 33. Kg1 Rc1+ 34. Bf1 Kf4 0-1

[Event "Rhein Main op-A 24th"]
[Site "Bad Homburg"]
[Date "2022.06.16"]
[Round "3"]
[White "Hagner, Bennet"]
[Black "Milov, Leonid"]
[Result "1-0"]
[WhiteElo "2186"]
[BlackElo "2446"]
[PlyCount "205"]
[EventDate "2022.06.15"]
[EventType "swiss"]
[EventRounds "7"]
[EventCountry "GER"]
[SourceTitle "EXT 2023"]
[Source "ChessBase"]
[SourceDate "2022.10.05"]
[SourceVersion "1"]
[SourceVersionDate "2022.10.05"]
[SourceQuality "1"]

1. e4 c5 2. Nf3 e6 3. d4 cxd4 4. Nxd4 Nc6 5. Nc3 Qc7 6. Be3 a6 7. Qf3 Nf6 8. 0-0-0 h5 9. Nxc6 dxc6 10. h3 b5 11. e5 Nd5 12. Bf4 Qa5 13. Bd2 b4 14. Nxd5 exd5 15. a3 Be6 16. Kb1 Rb8 17. Qb3 Be7 18. f4 g6 19. Bd3 Qb6 20. axb4 Bxb4 21. Bc1 h4 22. Rhf1 c5 23. f5 c4 24. Bxc4 dxc4 25. Qa4+ Qb5 26. Qxb5+ Rxb5 27. fxe6 fxe6 28. Rd4 c3 29. Rf6 Be7 30. Rxe6 Kf7 31. Rc6 Rxe5 32. Rxc3 Rd8 33. Rf4+ Rf5 34. Re4 Rd7 35. g4 hxg3 36. Rxg3 Rd1 37. Rd3 Rxd3 38. cxd3 Rf3 39. Rf4+ Rxf4 40. Bxf4 Ke6 41. Kc2 Kd5 42. Be3 Bf6 43. b3 Be7 44. Kc3 Bf6+ 45. Kb4 Bd8 46. Kc3 Bf6+ 47. Kd2 Bd8 48. Ke2 Bf6 49. Kf3 Bd8 50. Kf4 Bf6 51. Kg4 Be7 52. Bg5 Bb4 53. Bd8 Bd2 54. Bb6 Ke5 55. Kf3 Kd5 56. Ke2 Bb4 57. Kd1 Kc6 58. Be3 Kd5 59. Kc2 Be7 60. Kb2 Bb4 61. Kc1 Ba3+ 62. Kc2 Bb4 63. Bd2 Be7 64. Kc3 Bf6+ 65. Kb4 Bd8 66. Bc3 Bb6 67. Ka4 Bd8 68. Ba5 Bf6 69. Bb6 Bc3 70. Be3 Kc6 71. b4 Kb7 72. d4 Kc6 73. Kb3 Be1 74. Kc4 Bg3 75. Bh6 Bd6 76. d5+ Kd7 77. Be3 Be7 78. Bc5 Bd8 79. Kd4 Bf6+ 80. Ke4 Bc3 81. Kf4 Bf6 82. Ke4 Bc3 83. Kd3 Be1 84. Kc4 Bh4 85. Bb6 Be7 86. Kb3 Kc8 87. Ka4 Kb7 88. Bc5 Bd8 89. b5 axb5+ 90. Kxb5 Bh4 91. d6 Bg3 92. Bb4 Bf2 93. Ba5 Bg3 94. d7 Bc7 95. d8Q Bxd8 96. Bxd8 Kc8 97. Bg5 Kd7 98. Kc5 Ke6 99. h4 Kf7 100. Kd6 Kg7 101. Ke6 Kh7 102. Kf7 Kh8 103. Kxg6 1-0

[Event "Rhein Main op-A 24th"]
[Site "Bad Homburg"]
[Date "2022.06.15"]
[Round "1"]
[White "Bischoff, Ulrich"]
[Black "Milov, Leonid"]
[Result "0-1"]
[WhiteElo "1993"]
[BlackElo "2446"]
[PlyCount "42"]
[EventDate "2022.06.15"]
[EventType "swiss"]
[EventRounds "7"]
[EventCountry "GER"]
[SourceTitle "EXT 2023"]
[Source "ChessBase"]
[SourceDate "2022.10.05"]
[SourceVersion "1"]
[SourceVersionDate "2022.10.05"]
[SourceQuality "1"]

1. d4 f5 2. c4 Nf6 3. Nf3 d6 4. g3 g6 5. Bg2 Bg7 6. Nc3 0-0 7. 0-0 c6 8. d5 e5 9. dxe6 Bxe6 10. Bf4 Bxc4 11. Bxd6 Re8 12. Ne5 Be6 13. f4 Qb6+ 14. Kh1 Na6 15. Qa4 Rad8 16. Rad1 Qxb2 17. Rd3 Rxd6 18. Nc4 Rxd3 19. Nxb2 Rxc3 20. Nd3 Nd5 21. Rb1 Nb6 0-1

[Event "Oberliga Bayern 2122"]
[Site "Bayern"]
[Date "2022.05.15"]
[Round "5.1"]
[White "Kosic, Dragan"]
[Black "Milov, Leonid"]
[Result "1-0"]
[WhiteElo "2443"]
[BlackElo "2395"]
[PlyCount "183"]
[EventDate "2021.10.24"]
[EventType "team-tourn"]
[EventRounds "9"]
[EventCountry "GER"]
[SourceTitle "EXT 2024"]
[Source "ChessBase"]
[SourceDate "2023.10.10"]
[SourceVersion "1"]
[SourceVersionDate "2023.10.10"]
[SourceQuality "1"]
[WhiteTeam "Muenchen Suedost"]
[BlackTeam "Nuernberg NT"]
[WhiteTeamCountry "GER"]
[BlackTeamCountry "GER"]

1. d4 d5 2. c4 dxc4 3. Nf3 Nf6 4. e3 e6 5. Bxc4 c5 6. 0-0 a6 7. Qe2 Nc6 8. Rd1 b5 9. dxc5 Qc7 10. Bd3 Bxc5 11. Nc3 Bb7 12. Ne4 Be7 13. Bd2 Nxe4 14. Bxe4 0-0 15. Rac1 Qb6 16. Bc3 Rfd8 17. Nd4 Nb4 18. Bxb7 Qxb7 19. Nxe6 Rxd1+ 20. Rxd1 g6 21. Bxb4 Bxb4 22. Nf4 Bf8 23. Nd5 Rc8 24. h4 Qc6 25. b3 Qc2 26. Kf1 Kg7 27. f3 Qxe2+ 28. Kxe2 Rc2+ 29. Rd2 Rc1 30. Kd3 Rh1 31. Nc7 Rxh4 32. Nxa6 Rh1 33. Nc7 b4 34. Rc2 h5 35. Nd5 Rh2 36. e4 h4 37. e5 Rh1 38. Ne3 Re1 39. f4 Rh1 40. Nd5 Re1 41. Ne3 Be7 42. Nd5 Bf8 43. Ne3 Kg8 44. Rc8 Ra1 45. Ra8 Rc1 46. Ke4 Rc3 47. f5 gxf5+ 48. Nxf5 h3 49. gxh3 Rxh3 50. Nd4 Rh4+ 51. Kd5 Rh5 52. Nc6 Kg7 53. Rb8 Rh4 54. Nd4 Rh5 55. Re8 Rg5 56. Kc6 Rg6+ 57. Kb5 Rg5 58. Kc4 Rg4 59. Kd5 Rg5 60. Ke4 Rg4+ 61. Kd3 Rg3+ 62. Kc4 Rg4 63. Ra8 Rh4 64. Ra7 Kg6 65. Ra6+ Kg7 66. Kd5 Rh5 67. Rf6 Rh2 68. Nf5+ Kg8 69. Ra6 Rd2+ 70. Ke4 Re2+ 71. Kd4 Rd2+ 72. Ke3 Rh2 73. Ra8 Rh1 74. Nd6 Re1+ 75. Kd4 Rd1+ 76. Kc4 Re1 77. Re8 Kg7 78. Nf5+ Kg8 79. Nd4 Kg7 80. Nc6 Re4+ 81. Kb5 Rh4 82. Ra8 Re4 83. Ra4 Kg6 84. a3 Re3 85. axb4 Rxb3 86. Ra8 Bxb4 87. Nxb4 Re3 88. Re8 f5 89. Nc6 f4 90. Rf8 Kg5 91. Kc4 Kg4 92. Kd5 1-0